000 00491nam a22001697a 4500
005 20251108164201.0
008 250721s1981 xx 000 0 ara d
082 1 4 _a301,41209/كيا
100 1 _aكيال، باسمة
245 1 0 _aتطور المرأة عبر التاريخ /
264 1 _aبيروت :
_bمؤسسة عزالدين للطباعة والنشر،
_c1981.
300 _a240ص.
650 1 7 _aالمرأة
650 1 7 _aالتاريخ
942 _2ddc
_cBK
999 _c5747
_d5747